Statistics for Euro 2004 teams

Click here to take the quiz!

General Stats

  • This quiz has been taken 372 times
  • The average score is 15 of 16

Answer Stats

HintAnswer% Correct
group aportugal
100%
england
98%
group bfrance
98%
greece
98%
italy
98%
spain
98%
germany
97%
russia
96%
group csweden
95%
denmark
90%
netherlands
90%
croatia
89%
switzerland
88%
group dczech republic
87%
bulgaria
79%
latvia
66%

Score Distribution

Percentile by Number Answered

Percent of People with Each Score

Your Score History

You have not taken this quiz